000 01278cam a2200361 a 4500
001 16853036
003 ARRUPE
005 20161118084313.0
008 110701s2011 enk 001 0 eng d
010 _a 2011289767
020 _a9780199580064 (hbk. : acidfree paper)
020 _a0199580065 (hbk. : acidfree paper)
035 _a(OCoLC)ocn716839441
040 _aNLE
_cNLE
_dSINE
_dOTZ
_dDLC
042 _alccopycat
050 0 0 _aK235
_b.F567 2011
082 0 4 _a340.112 22
100 1 _aFinnis, John.
_927519
245 1 0 _aIntention and identity /
_cJohn Finnis.
_bCollected Essays Vol. 2
246 1 8 _aIntention & identity
260 _aOxford ;
_aNew York :
_bOxford University Press,
_c2011.
300 _ax, 363 p. ;
_c24 cm.
490 1 _aCollected essays ;
_vv. 2
504 _aIncludes bibliographical references (p. [335]-342) and index.
650 0 _aLaw
_xPhilosophy.
_910576
650 0 _aReligion and law.
_927523
650 0 _aIntentionality (Philosophy)
_927524
650 0 _aIdentity (Philosophical concept)
_91396
800 1 _aFinnis, John.
_tCollected essays ;
_vv. 2.
_927525
906 _a7
_bcbc
_ccopycat
_d2
_encip
_f20
_gy-gencatlg
942 _2lcc
_cMONOGRAPH
999 _c125750
_d125750